| 000 | 00320 a2200121 4500 | ||
|---|---|---|---|
| 001 | 66196 | ||
| 082 | _a005.133 AND | ||
| 090 |
_c38485 _d38485 |
||
| 100 | _aAnderson, Richard | ||
| 245 | _aBeginning components for ASP | ||
| 260 |
_aMumbai, India _bShroff Publishers & Distributors PVT. _c1999 |
||
| 300 | _axxv, 831p. | ||
| 942 |
_aNUST-CAE _k005.133 AND |
||
| 999 |
_c301269 _d301269 |
||